The essential Gombrich : (Record no. 353416)
[ view plain ]
| 000 -LEADER | |
|---|---|
| fixed length control field | 01214cam a2200349 a 4500 |
| 001 - CONTROL NUMBER | |
| control field | 1648244 |
| 003 - CONTROL NUMBER IDENTIFIER | |
| control field | OSt |
| 005 - DATE AND TIME OF LATEST TRANSACTION | |
| control field | 20180116192406.0 |
| 008 - FIXED-LENGTH DATA ELEMENTS--GENERAL INFORMATION | |
| fixed length control field | 961126s1996 enka b 001 0 eng d |
| 010 ## - LIBRARY OF CONGRESS CONTROL NUMBER | |
| LC control number | 96223954 |
| 020 ## - INTERNATIONAL STANDARD BOOK NUMBER | |
| International Standard Book Number | 0714830097 (hb) |
| 020 ## - INTERNATIONAL STANDARD BOOK NUMBER | |
| International Standard Book Number | 0714834874 (pb) |
| 020 ## - INTERNATIONAL STANDARD BOOK NUMBER | |
| International Standard Book Number | 9780714830094 |
| 035 ## - SYSTEM CONTROL NUMBER | |
| System control number | (MNU)notisAQU2939 |
| 035 ## - SYSTEM CONTROL NUMBER | |
| System control number | (OCoLC)35023622 |
| 040 ## - CATALOGING SOURCE | |
| Original cataloging agency | EUE |
| Transcribing agency | EUE |
| Modifying agency | EXW |
| -- | MnU |
| -- | DLC |
| 042 ## - AUTHENTICATION CODE | |
| Authentication code | lccopycat |
| 082 ## - DEWEY DECIMAL CLASSIFICATION NUMBER | |
| Classification number | 701.15 |
| 100 1# - MAIN ENTRY--PERSONAL NAME | |
| Personal name | Gombrich, E. H. |
| Fuller form of name | (Ernst Hans), |
| Dates associated with a name | 1909-2001. |
| 9 (RLIN) | 87 |
| 245 14 - TITLE STATEMENT | |
| Title | The essential Gombrich : |
| Remainder of title | selected writings on art and culture / |
| Statement of responsibility, etc. | edited by Richard Woodfield. |
| 260 ## - PUBLICATION, DISTRIBUTION, ETC. | |
| Place of publication, distribution, etc. | London : |
| Name of publisher, distributor, etc. | Phaidon Press, |
| Date of publication, distribution, etc. | 1996. |
| 300 ## - PHYSICAL DESCRIPTION | |
| Extent | 624 p. : |
| Other physical details | ill. ; |
| Dimensions | 25 cm. |
| 504 ## - BIBLIOGRAPHY, ETC. NOTE | |
| Bibliography, etc. note | Includes bibliographical references (p. 591-614) and index. |
| 650 #0 - SUBJECT ADDED ENTRY--TOPICAL TERM | |
| Topical term or geographic name entry element | Art. |
| 9 (RLIN) | 88 |
| 650 #0 - SUBJECT ADDED ENTRY--TOPICAL TERM | |
| Topical term or geographic name entry element | Creativity |
| General subdivision | Art |
| 9 (RLIN) | 89 |
| 650 #0 - SUBJECT ADDED ENTRY--TOPICAL TERM | |
| Topical term or geographic name entry element | Art |
| General subdivision | Psychology |
| 9 (RLIN) | 95 |
| 700 1# - ADDED ENTRY--PERSONAL NAME | |
| Personal name | Woodfield, Richard. |
| 9 (RLIN) | 90 |
| 906 ## - LOCAL DATA ELEMENT F, LDF (RLIN) | |
| a | 7 |
| b | cbc |
| c | copycat |
| d | 3 |
| e | ncip |
| f | 19 |
| g | y-gencatlg |
| 942 ## - ADDED ENTRY ELEMENTS (KOHA) | |
| Source of classification or shelving scheme | |
| Koha item type | Book |
| Withdrawn status | Lost status | Source of classification or shelving scheme | Damaged status | Not for loan | Permanent Location | Current Location | Date acquired | Total Checkouts | Total Renewals | Full call number | Barcode | Date last seen | Date last checked out | Cost, replacement price | Price effective from | Koha item type |
|---|---|---|---|---|---|---|---|---|---|---|---|---|---|---|---|---|
| School of Art Design and Architecture (SADA) | School of Art Design and Architecture (SADA) | 08/18/2011 | 1 | 1 | 701.15 GOM 1996 | SADA0001552 | 10/11/2013 | 09/27/2013 | 2139.00 | 08/24/2011 | Book |
